00564 a2200157 4500010001400000020002300014035001300037037001800050082001100068100002700079245013700106260009400243300003400337650002000371700001500391 aENG-84919 a8177581732c350.00 aEN-68452 bD.B.Act / Pub a641.36 aChakravarty, Sitangsu. aBest of India, the choicest regional recipescSitangsu Chakravarty ; food photographs by Amit Dey ; illustrations by Rohit Kathuria. aDelhi :bDorling Kindersley (India), licensees of Pearson Education in South Asia,c2006. a166 p. :bcol. ill. ;c25 cm. aCookery, Indic. aDey, Amit,